00389nam a22000977a 4500008004100000020001900041050002200060245014000082260005200222300001700274230918b |||||||| |||| 00| 0 eng d a978-1527103634 aBV2540b.R73 2019 aPreaching without fear or favour :bPreviously unpublished sermons on Hebrews II By Robert BrucecTranslated and edited by David Searle aGreat BritainbChristian Heritage Imprintc2019 axlvii, 600p.